[Event "75. LJUBLJANSKA LIGA 2023"]
[Site " gostovanja"]
[Date "2023.01.12"]
[Round "1.1"]
[White "Benko, Bostjan"]
[Black "Markun, Ozbej"]
[Result "0-1"]
[WhiteElo "1879"]
[BlackElo "1958"]
[PlyCount "92"]
[EventDate "2023.01.12"]
[WhiteTeam "SK ZAGORJE"]
[BlackTeam "SS TOMO ZUPAN KRANJ"]

1. e4 c5 2. Nf3 d6 3. c3 Nf6 4. Be2 g6 5. O-O Bg7 6. h3 O-O 7. d3 Nc6 8. Be3 b6
9. Nbd2 Bb7 10. a3 e5 11. Re1 Qd7 12. Bf1 Ne8 13. Nh2 Nc7 14. f4 d5 15. fxe5
dxe4 16. dxe4 Nxe5 17. Qc2 Rae8 18. Nhf3 Qc6 19. Bf4 Nxf3+ 20. gxf3 Ne6 21. Bg3
Bh6 22. Rad1 Rd8 23. Nc4 Nf4 24. Kh2 Nh5 25. Qf2 Qf6 26. Kg1 Nxg3 27. Qxg3 Bf4
28. Qg2 Rxd1 29. Rxd1 Rd8 30. Rxd8+ Qxd8 31. Qe2 Qg5+ 32. Qg2 Qd8 33. Qe2 Bc8
34. Kh1 Qh4 35. a4 Bxh3 36. Bxh3 Qxh3+ 37. Kg1 Qg3+ 38. Kh1 h5 39. e5 Qh4+ 40.
Kg1 Qg5+ 41. Kh1 Qe7 42. Qe4 Qh4+ 43. Kg2 Qh2+ 44. Kf1 Bg3 45. Qe3 Qh1+ 46. Qg1
Qxf3+ 0-1

[Event "75. LJUBLJANSKA LIGA 2023"]
[Site " gostovanja"]
[Date "2023.01.12"]
[Round "1.2"]
[White "Logar, Metod"]
[Black "Medvesek, Janez"]
[Result "1/2-1/2"]
[WhiteElo "1970"]
[BlackElo "1825"]
[PlyCount "36"]
[EventDate "2023.01.12"]
[WhiteTeam "SS TOMO ZUPAN KRANJ"]
[BlackTeam "SK ZAGORJE"]

1. e4 c6 2. d4 d5 3. Nc3 dxe4 4. Nxe4 Bf5 5. Ng3 Bg6 6. h4 h6 7. h5 Bh7 8. Bd3
Bxd3 9. Qxd3 Nf6 10. Nf3 e6 11. Bd2 c5 12. O-O-O Nc6 13. Bc3 cxd4 14. Nxd4 Nxd4
15. Bxd4 Qd5 16. c4 Rc8 17. Kb1 Rxc4 18. Bxa7 Ra4 1/2-1/2

[Event "75. LJUBLJANSKA LIGA 2023"]
[Site " gostovanja"]
[Date "2023.01.12"]
[Round "1.3"]
[White "Lazar, Ivan"]
[Black "Smirnov, Maksim"]
[Result "0-1"]
[WhiteElo "1765"]
[BlackElo "1405"]
[PlyCount "57"]
[EventDate "2023.01.12"]
[WhiteTeam "SK ZAGORJE"]
[BlackTeam "SS TOMO ZUPAN KRANJ"]

1. c4 c6 2. Nf3 d5 3. e3 Nf6 4. d4 Bf5 5. Nc3 dxc4 6. Bxc4 e6 7. O-O Nbd7 8. a3
h6 9. Re1 Be7 10. e4 Bh7 11. d5 Nb6 12. Qb3 Nxc4 13. Qxc4 exd5 14. exd5 Nxd5
15. Rd1 O-O 16. Nxd5 cxd5 17. Rxd5 Qb6 18. Rb5 Qa6 19. Be3 Rac8 20. Qf1 Rfd8
21. Rb3 Bd3 22. Qe1 Bf6 23. Qb4 b6 24. Qe1 Bc4 25. Rb4 Be7 26. Rxc4 Qxc4 27.
Bxb6 axb6 28. Qxe7 Re8 29. Qb4 0-1

[Event "75. LJUBLJANSKA LIGA 2023"]
[Site " gostovanja"]
[Date "2023.01.12"]
[Round "1.4"]
[White "Demsar, Maks"]
[Black "Vidonja, Taja"]
[Result "1-0"]
[WhiteElo "1442"]
[BlackElo "1703"]
[PlyCount "85"]
[EventDate "2023.01.12"]
[WhiteTeam "SS TOMO ZUPAN KRANJ"]
[BlackTeam "SK ZAGORJE"]

1. e4 e5 2. Nc3 Nf6 3. Bc4 Nc6 4. d3 d6 5. f4 Be6 6. Bxe6 fxe6 7. Nf3 exf4 8.
Bxf4 Be7 9. Qd2 h6 10. h4 e5 11. Be3 Qd7 12. O-O-O O-O-O 13. Nd5 Rhf8 14. Qc3
Qe6 15. Qc4 Qd7 16. h5 Nxd5 17. Qxd5 Bf6 18. c3 Qf7 19. Qxf7 Rxf7 20. Rdf1 Rdf8
21. Rf2 b6 22. Rhf1 Nd8 23. Kc2 Ne6 24. Nh4 Rd7 25. Ng6 Re8 26. Bxh6 Bg5 27.
Bxg5 Nxg5 28. Rf5 Nh7 29. Nf8 Nxf8 30. Rxf8 Rxf8 31. Rxf8+ Rd8 32. Rxd8+ Kxd8
33. g4 Ke7 34. g5 Kf7 35. Kb3 c6 36. a4 a5 37. Kc4 Ke6 38. b4 Kf7 39. b5 c5 40.
Kd5 Ke7 41. Kc6 Ke6 42. c4 Ke7 43. Kxb6 1-0

[Event "75. LJUBLJANSKA LIGA 2023"]
[Site " gostovanja"]
[Date "2023.01.12"]
[Round "1.1"]
[White "Praznik, Anton"]
[Black "Kirasic, Branko"]
[Result "1-0"]
[WhiteElo "2078"]
[BlackElo "1852"]
[PlyCount "73"]
[EventDate "2023.01.12"]
[WhiteTeam "SD VRHNIKA"]
[BlackTeam "SK VISNJA GORA - STICNA"]

1. e4 e5 2. Nf3 Nf6 3. Nxe5 Nc6 4. Nxc6 dxc6 5. d3 Bc5 6. Be3 Bxe3 7. fxe3 Ng4
8. Qf3 Qd6 9. h3 Qb4+ 10. Nd2 Ne5 11. Qg3 Qxb2 12. Rb1 Qc3 13. d4 Ng6 14. Bd3
O-O 15. Qf2 f5 16. exf5 Bxf5 17. Bxf5 Rxf5 18. Qxf5 Qxe3+ 19. Kd1 Qxd4 20. Qd3
Qf6 21. Rf1 Qg5 22. Qc4+ Kh8 23. Qg4 Qd5 24. Qe4 Qxa2 25. Rb3 a5 26. Rxb7 a4
27. Rxc7 Rd8 28. Rd7 Rg8 29. Ra7 a3 30. Rff7 Qa1+ 31. Ke2 a2 32. Nb3 Qb2 33.
Qd4 Qxc2+ 34. Kf1 Qxb3 35. Rxg7 Qb1+ 36. Kf2 Qc2+ 37. Kg1 1-0

[Event "75. LJUBLJANSKA LIGA 2023"]
[Site " gostovanja"]
[Date "2023.01.12"]
[Round "1.2"]
[White "Jancigaj, Saso Valentin"]
[Black "Sirk, Matija"]
[Result "1-0"]
[WhiteElo "1683"]
[BlackElo "1535"]
[PlyCount "55"]
[EventDate "2023.01.12"]
[WhiteTeam "SK VISNJA GORA - STICNA"]
[BlackTeam "SD VRHNIKA"]

1. f4 d5 2. Nf3 c5 3. e3 Nc6 4. d4 Bg4 5. c3 e6 6. Bd3 Nf6 7. Nbd2 Be7 8. O-O
O-O 9. Qe1 Bxf3 10. Rxf3 cxd4 11. exd4 Rb8 12. Rh3 b5 13. Qe2 b4 14. Bxh7+ Nxh7
15. Qh5 f5 16. Qxh7+ Kf7 17. Qh5+ Kg8 18. Nf3 Qe8 19. Qh7+ Kf7 20. Rg3 Bf6 21.
Ne5+ Bxe5 22. fxe5 Rg8 23. Bh6 Qf8 24. Qg6+ Ke7 25. Bxg7 Qe8 26. Bf6+ Kd7 27.
Qh7+ Ne7 28. Rxg8 1-0

[Event "75. LJUBLJANSKA LIGA 2023"]
[Site " gostovanja"]
[Date "2023.01.12"]
[Round "1.3"]
[White "Novak, Robert"]
[Black "Lesjak, Damjan"]
[Result "0-1"]
[WhiteElo "1675"]
[BlackElo "1815"]
[PlyCount "80"]
[EventDate "2023.01.12"]
[WhiteTeam "SD VRHNIKA"]
[BlackTeam "SK VISNJA GORA - STICNA"]

1. d4 d5 2. c4 e6 3. Nc3 Nf6 4. Bg5 Be7 5. e3 h6 6. Bh4 O-O 7. Nf3 b6 8. cxd5
Nxd5 9. Bxe7 Nxe7 10. Bd3 Bb7 11. O-O Nd7 12. Rc1 c5 13. Re1 cxd4 14. exd4 Nf6
15. Ne4 Ned5 16. Qd2 Qe7 17. Ne5 Rfc8 18. Rxc8+ Rxc8 19. Rc1 Rxc1+ 20. Qxc1
Nxe4 21. Bxe4 Qb4 22. Bxd5 Bxd5 23. h3 Qxd4 24. Qc8+ Kh7 25. Nxf7 Qxb2 26. Qh8+
Kg6 27. Qe8 Qc1+ 28. Kh2 Qf4+ 29. Kg1 Qxf7 30. Qa4 Qf5 31. Qe8+ Kh7 32. Kf1
Qb1+ 33. Ke2 Qxa2+ 34. Ke3 Qb3+ 35. Kf4 Qc4+ 36. Ke5 Qe4+ 37. Kd6 Qf4+ 38. Ke7
Qf6+ 39. Kd6 Qxf2 40. g4 Qc5+ 0-1

[Event "75. LJUBLJANSKA LIGA 2023"]
[Site " gostovanja"]
[Date "2023.01.12"]
[Round "1.4"]
[White "Kamensek, Ivan"]
[Black "Sever, Gasper"]
[Result "1/2-1/2"]
[WhiteElo "1676"]
[BlackElo "1277"]
[PlyCount "76"]
[EventDate "2023.01.12"]
[WhiteTeam "SK VISNJA GORA - STICNA"]
[BlackTeam "SD VRHNIKA"]

1. d4 d5 2. c4 e6 3. Nc3 c5 4. Nf3 Nc6 5. cxd5 exd5 6. e3 Nf6 7. Be2 Bd6 8. O-O
O-O 9. b3 Bf5 10. Bb2 Rc8 11. Rc1 cxd4 12. exd4 a6 13. Nh4 Qd7 14. Nxf5 Qxf5
15. Bf3 Qf4 16. g3 Qxd4 17. Na4 Qxd1 18. Rfxd1 Nb4 19. Rxc8 Rxc8 20. a3 Nc2 21.
Rc1 Rc7 22. Bd1 Ne1 23. Rxc7 Bxc7 24. Kf1 Nd3 25. Bxf6 gxf6 26. Ke2 Ne5 27. f4
Nd7 28. Kd3 b5 29. Nc3 Bb6 30. Nxd5 Bg1 31. h3 a5 32. g4 Nc5+ 33. Ke2 Kg7 34.
Bc2 a4 35. bxa4 bxa4 36. Nc3 Bd4 37. Nxa4 Nxa4 38. Bxa4 Bc5 1/2-1/2

[Event "75. LJUBLJANSKA LIGA 2023"]
[Site " gostovanja"]
[Date "2023.01.12"]
[Round "1.1"]
[White "Markoja, Sebastijan"]
[Black "Debevec, Blaz"]
[Result "1-0"]
[WhiteElo "2217"]
[BlackElo "2070"]
[PlyCount "79"]
[EventDate "2023.01.12"]
[WhiteTeam "SK DOL PRI LJUBLJANI"]
[BlackTeam "SD DOMZALE"]

1. e4 e5 2. Nf3 Nc6 3. Bb5 f5 4. d3 Nf6 5. O-O Bc5 6. exf5 O-O 7. Be3 Nd4 8. c3
Nxf3+ 9. Qxf3 Be7 10. c4 c6 11. Ba4 d5 12. Bg5 e4 13. dxe4 dxe4 14. Qe2 Bxf5
15. Nc3 Qa5 16. Bc2 Rae8 17. Nd1 Qe5 18. Bh4 Bg6 19. Bg3 Qe6 20. Ne3 Nh5 21. c5
Nxg3 22. hxg3 Qe5 23. b4 Bg5 24. Rad1 Rd8 25. a3 Kh8 26. Rxd8 Rxd8 27. Nc4 Qe7
28. Nd6 b6 29. Re1 bxc5 30. bxc5 Qe5 31. Qc4 Qd5 32. Bxe4 Qd2 33. Re2 Qd1+ 34.
Kh2 Bh5 35. Bf3 Bxf3 36. Nf7+ Kg8 37. Nh6+ Kh8 38. Re8+ Rxe8 39. Qg8+ Rxg8 40.
Nf7# 1-0

[Event "75. LJUBLJANSKA LIGA 2023"]
[Site " gostovanja"]
[Date "2023.01.12"]
[Round "1.2"]
[White "Skok, Joze"]
[Black "Kampus, Andrej"]
[Result "0-1"]
[WhiteElo "1940"]
[BlackElo "1644"]
[PlyCount "108"]
[EventDate "2023.01.12"]
[WhiteTeam "SD DOMZALE"]
[BlackTeam "SK DOL PRI LJUBLJANI"]

1. e4 d5 2. exd5 Nf6 3. d4 Bg4 4. Nf3 Qxd5 5. Be2 Nc6 6. Be3 O-O-O 7. h3 Bxf3
8. Bxf3 Qd7 9. c3 e5 10. Qa4 Nd5 11. O-O Nb6 12. Bxc6 Nxa4 13. Bxd7+ Rxd7 14.
b3 Nxc3 15. dxe5 Nd5 16. Bd2 Bc5 17. Nc3 Bd4 18. Rac1 Bxe5 19. Rfe1 Bf4 20.
Bxf4 Nxf4 21. Re4 Ne6 22. Rc4 Rhd8 23. Kf1 a6 24. Ne4 Rd1+ 25. Ke2 Rxc1 26.
Rxc1 b6 27. g3 Kb7 28. Ke3 c5 29. f4 f5 30. Nd2 Re8 31. Kd3 Nd4 32. Rf1 g6 33.
Rf2 Re1 34. Nf3 Nxf3 35. Rxf3 Kc6 36. Kd2 Re4 37. Kd3 Kd5 38. Kc3 b5 39. a3 c4
40. b4 Re7 41. g4 Re4 42. g5 Re7 43. h4 Re4 44. h5 gxh5 45. Rh3 Rxf4 46. Rxh5
Rf3+ 47. Kb2 Rg3 48. Rxh7 Rxg5 49. Rh6 f4 50. Rxa6 Rf5 51. Rh6 f3 52. Rh1 f2
53. Rf1 Kd4 54. Kc2 Ke3 0-1

[Event "75. LJUBLJANSKA LIGA 2023"]
[Site " gostovanja"]
[Date "2023.01.12"]
[Round "1.3"]
[White "Kosem, Rok"]
[Black "Markosek, Bine"]
[Result "0-1"]
[WhiteElo "1588"]
[BlackElo "1865"]
[PlyCount "97"]
[EventDate "2023.01.12"]
[WhiteTeam "SK DOL PRI LJUBLJANI"]
[BlackTeam "SD DOMZALE"]

1. c4 Nf6 2. g3 e6 3. Nc3 d5 4. cxd5 exd5 5. Bg2 Be7 6. Nf3 O-O 7. d3 b6 8. O-O
Bb7 9. Qc2 c5 10. a3 Nbd7 11. Bf4 Rc8 12. Rfe1 d4 13. Nb5 a6 14. Nd6 Bxd6 15.
Bxd6 Re8 16. Bf4 Nf8 17. Bg5 h6 18. Bxf6 Qxf6 19. Qd2 Ng6 20. Rac1 Ne5 21. Nxe5
Bxg2 22. Kxg2 Qxe5 23. Qf4 Qd5+ 24. Kg1 Qb3 25. Qd2 b5 26. Qc2 Qd5 27. Qd2 Rc6
28. e4 dxe3 29. Rxe3 Rd8 30. Qe2 Rcd6 31. Re8+ Rxe8 32. Qxe8+ Kh7 33. Qe4+ Qxe4
34. dxe4 c4 35. Rc2 Kg6 36. f3 Kf6 37. Kf2 Ke5 38. Ke2 Rd3 39. Rc3 Kd4 40.
Rxd3+ cxd3+ 41. Kd2 f6 42. g4 a5 43. b3 b4 44. axb4 axb4 45. h4 g6 46. g5 hxg5
47. hxg5 fxg5 48. e5 Kxe5 49. Kxd3 0-1

[Event "75. LJUBLJANSKA LIGA 2023"]
[Site " gostovanja"]
[Date "2023.01.12"]
[Round "1.4"]
[White "Zmaucar, Miha"]
[Black "Mavrel, Franc"]
[Result "1-0"]
[WhiteElo "1635"]
[BlackElo "1664"]
[PlyCount "75"]
[EventDate "2023.01.12"]
[WhiteTeam "SD DOMZALE"]
[BlackTeam "SK DOL PRI LJUBLJANI"]

1. d4 d5 2. c4 dxc4 3. Nf3 Nf6 4. e3 b5 5. a4 c6 6. b3 cxb3 7. axb5 Qb6 8. Qxb3
cxb5 9. Bxb5+ Bd7 10. Nc3 e6 11. Ne5 Bd6 12. Qa4 a6 13. Nc4 Qc7 14. Bxd7+ Nfxd7
15. Nb5 axb5 16. Nxd6+ Qxd6 17. Qxa8 O-O 18. Qb7 Qb4+ 19. Bd2 Qb2 20. Ke2 Qb3
21. Rhc1 h6 22. Rab1 Qd5 23. Qxd5 exd5 24. Rxb5 Nf6 25. Bb4 Re8 26. Rbc5 Na6
27. Rb5 Nh5 28. Bd6 Re6 29. Rc6 Nc7 30. Rxc7 Rxd6 31. Rbb7 Rf6 32. g4 Nf4+ 33.
exf4 Rxf4 34. f3 g5 35. Rd7 Rxd4 36. Rxf7 Rf4 37. Rxf4 gxf4 38. Kd3 1-0

[Event "75. LJUBLJANSKA LIGA 2023"]
[Site " gostovanja"]
[Date "2023.01.12"]
[Round "1.1"]
[White "Marinko, Peter"]
[Black "Butala, Marjan"]
[Result "1-0"]
[WhiteElo "2038"]
[BlackElo "1885"]
[PlyCount "151"]
[EventDate "2023.01.12"]
[WhiteTeam "SK LJUBLJANA"]
[BlackTeam "KPSRD KAREL JERAJ"]

1. d4 Nf6 2. c4 g6 3. Nc3 Bg7 4. e4 d6 5. Be2 O-O 6. Nf3 e5 7. Be3 Nc6 8. d5
Ne7 9. Nd2 c6 10. g4 cxd5 11. cxd5 Ne8 12. Qb3 f5 13. gxf5 gxf5 14. Bg5 h6 15.
Bh4 Nf6 16. Rg1 Kh8 17. Bxf6 Bxf6 18. O-O-O Rg8 19. Bh5 Bg5 20. Rg3 Bf4 21.
Rxg8+ Qxg8 22. h4 fxe4 23. Ncxe4 Qxd5 24. Qxd5 Nxd5 25. Nxd6 Be6 26. Kb1 Rd8
27. N2e4 Kg7 28. Nxb7 Rb8 29. Nbc5 Bg8 30. Rg1+ Kh8 31. Bg6 a5 32. a3 Nb6 33.
Nf6 Bc4 34. Bd3 Bf7 35. Nce4 Rd8 36. Bc2 Nc4 37. Bb3 Nxa3+ 38. Ka2 Nc4 39. Bxc4
Bxc4+ 40. b3 Bf7 41. Ka3 Bd2 42. Nxd2 Rxd2 43. Ng4 e4 44. Nxh6 Bd5 45. Ng4 Rd3
46. Rg3 Rd1 47. h5 Rh1 48. h6 Be6 49. Ka4 Rh4 50. Ne3 Rxh6 51. Nc4 Rf6 52. Rg2
Rf3 53. Nxa5 Bxb3+ 54. Nxb3 e3 55. fxe3 Rxe3 56. Kb4 Kh7 57. Kc4 Re6 58. Nd4
Rg6 59. Rh2+ Kg7 60. Kd5 Ra6 61. Nf5+ Kg8 62. Nd6 Kg7 63. Ke6 Kg6 64. Rg2+ Kh5
65. Kf5 Ra5+ 66. Kf4 Kh6 67. Nf5+ Kh7 68. Rg7+ Kh8 69. Rf7 Kg8 70. Nh6+ Kh8 71.
Rd7 Ra4+ 72. Kg5 Ra5+ 73. Nf5 Ra6 74. Ne7 Kg7 75. Ng6+ Kg8 76. Kh6 1-0

[Event "75. LJUBLJANSKA LIGA 2023"]
[Site " gostovanja"]
[Date "2023.01.12"]
[Round "1.2"]
[White "Mlacnik, Janez"]
[Black "Komelj, Erazem"]
[Result "1-0"]
[WhiteElo "1832"]
[BlackElo "1589"]
[PlyCount "65"]
[EventDate "2023.01.12"]
[WhiteTeam "KPSRD KAREL JERAJ"]
[BlackTeam "SK LJUBLJANA"]

1. d4 d5 2. Nf3 Nf6 3. c4 e6 4. g3 c6 5. Bg2 Bb4+ 6. Bd2 Bd6 7. Qc2 Nbd7 8. O-O
Ne4 9. Bf4 b6 10. cxd5 cxd5 11. Bxd6 Nxd6 12. Qc6 Nb7 13. Na3 a6 14. e4 dxe4
15. Ne5 Ra7 16. Rac1 O-O 17. Bxe4 Na5 18. Qc2 Nf6 19. b4 Qxd4 20. bxa5 Qxe4 21.
Qxe4 Nxe4 22. axb6 Re7 23. Rfd1 f6 24. Nc6 Ref7 25. Nc4 f5 26. N4a5 Bb7 27. Nd8
Bd5 28. Nxf7 Kxf7 29. b7 Nd6 30. Rc7+ Kf6 31. Rd7 Nb5 32. R1xd5 exd5 33. Nc6
1-0

[Event "75. LJUBLJANSKA LIGA 2023"]
[Site " gostovanja"]
[Date "2023.01.12"]
[Round "1.3"]
[White "Kovacic, Jakob"]
[Black "Kutin, Dusan"]
[Result "1-0"]
[WhiteElo "1000"]
[BlackElo "1721"]
[PlyCount "73"]
[EventDate "2023.01.12"]
[WhiteTeam "SK LJUBLJANA"]
[BlackTeam "KPSRD KAREL JERAJ"]

1. e4 e5 2. Nf3 d6 3. Nc3 a6 4. a4 Nc6 5. d4 Bg4 6. dxe5 dxe5 7. Be3 Bb4 8. Qd2
Nf6 9. h3 Be6 10. O-O-O Qxd2+ 11. Nxd2 h6 12. Bd3 O-O-O 13. Nb3 Nd4 14. Bxd4
exd4 15. Ne2 c5 16. Nd2 Bxd2+ 17. Rxd2 c4 18. f3 cxd3 19. Rxd3 Bc4 20. Rd2 Bxe2
21. Rxe2 Rd7 22. g4 Rhd8 23. Rd1 d3 24. cxd3 Rxd3 25. Rc2+ Kb8 26. Rdd2 Rxd2
27. Rxd2 Rxd2 28. Kxd2 g5 29. Ke3 Nd7 30. Kd4 f6 31. Kd5 Ne5 32. Ke6 Nxf3 33.
Kxf6 Kc7 34. e5 Kd7 35. e6+ Kd6 36. e7 Ne5 37. e8=Q 1-0

[Event "75. LJUBLJANSKA LIGA 2023"]
[Site " gostovanja"]
[Date "2023.01.12"]
[Round "1.4"]
[White "Vertacnik, Viktor"]
[Black "Gerden, Tomaz"]
[Result "1-0"]
[WhiteElo "1572"]
[BlackElo "1000"]
[PlyCount "95"]
[EventDate "2023.01.12"]
[WhiteTeam "KPSRD KAREL JERAJ"]
[BlackTeam "SK LJUBLJANA"]

1. e4 e5 2. Nf3 Nc6 3. Bc4 h6 4. c3 Be7 5. Qb3 Nf6 6. Bxf7+ Kf8 7. Bg6 d5 8.
exd5 Qxd5 9. Qxd5 Nxd5 10. O-O Be6 11. d4 exd4 12. Nxd4 Nxd4 13. cxd4 Bf7 14.
Bxf7 Kxf7 15. Nc3 c6 16. Nxd5 cxd5 17. Bf4 Bf6 18. Be3 Rhc8 19. Rac1 Rc6 20.
Rxc6 bxc6 21. Rc1 Rc8 22. Kf1 Ke6 23. Ke2 Kd7 24. Kd3 g5 25. f3 Rb8 26. b3 Rb5
27. h4 Rb8 28. hxg5 hxg5 29. Rh1 a6 30. Rh7+ Ke6 31. Ra7 Rb6 32. Bd2 Rb5 33.
Rxa6 Kd7 34. Ra7+ Ke6 35. Ra8 Kf7 36. Rc8 Rb6 37. g4 Ra6 38. a4 Be7 39. a5 Bf6
40. b4 Be7 41. Rb8 Bf6 42. Rb6 Rxb6 43. axb6 Be7 44. Kc3 Kg6 45. Kb3 Bd6 46.
Ka4 Kf6 47. Ka5 Ke6 48. Bxg5 1-0

[Event "75. LJUBLJANSKA LIGA 2023"]
[Site " gostovanja"]
[Date "2023.01.12"]
[Round "1.1"]
[White "Keber, Aljosa"]
[Black "Zidar, Jernej"]
[Result "0-1"]
[WhiteElo "1876"]
[BlackElo "1815"]
[PlyCount "48"]
[EventDate "2023.01.12"]
[WhiteTeam "SK KOMENDA POGI"]
[BlackTeam "SK KOMENDA POPOTNIK"]

1. e4 c5 2. Nf3 d6 3. d4 Nf6 4. Nc3 cxd4 5. Nxd4 a6 6. Rg1 h5 7. Bg5 e6 8. Qd2
Nbd7 9. O-O-O Qc7 10. f4 b5 11. Re1 Bb7 12. e5 dxe5 13. fxe5 Nd5 14. Nxd5 Bxd5
15. Kb1 Bc5 16. Qd1 Qa5 17. Nb3 Bxb3 18. axb3 Bxg1 19. Bd3 Bc5 20. c3 b4 21.
Qf3 Rc8 22. c4 Qc7 23. Qe4 Be7 24. Bf4 Nc5 0-1

[Event "75. LJUBLJANSKA LIGA 2023"]
[Site " gostovanja"]
[Date "2023.01.12"]
[Round "1.2"]
[White "Perme, Martin"]
[Black "Cimperman, Teo"]
[Result "0-1"]
[WhiteElo "1781"]
[BlackElo "1532"]
[PlyCount "50"]
[EventDate "2023.01.12"]
[WhiteTeam "SK KOMENDA POPOTNIK"]
[BlackTeam "SK KOMENDA POGI"]

1. e4 c5 2. Nf3 Nc6 3. d4 cxd4 4. Nxd4 g6 5. Be3 Bg7 6. Nc3 Nf6 7. Bc4 O-O 8.
f3 Qb6 9. Rb1 Nxe4 10. Nd5 Qc5 11. Qd3 Bxd4 12. Bxd4 Nxd4 13. b4 Qd6 14. Qxe4
Ne6 15. Rd1 f5 16. Qh4 g5 17. Qh5 Qe5+ 18. Kf2 Qg7 19. h4 b5 20. Bb3 g4 21.
Rhe1 Kh8 22. f4 Bb7 23. Re5 Bxd5 24. Bxd5 Nxf4 25. Qg5 Qxe5 0-1

[Event "75. LJUBLJANSKA LIGA 2023"]
[Site " gostovanja"]
[Date "2023.01.12"]
[Round "1.3"]
[White "Macek, Inti"]
[Black "Lapanje, Ajda"]
[Result "1-0"]
[WhiteElo "1512"]
[BlackElo "1022"]
[PlyCount "85"]
[EventDate "2023.01.12"]
[WhiteTeam "SK KOMENDA POGI"]
[BlackTeam "SK KOMENDA POPOTNIK"]

1. d4 d5 2. Nf3 Nc6 3. c4 dxc4 4. Nc3 Bf5 5. e4 Bg4 6. Be3 Nf6 7. Be2 e6 8. a3
Be7 9. O-O O-O 10. Ne5 Bxe2 11. Nxc6 Bxd1 12. Nxd8 Raxd8 13. Rfxd1 c6 14. a4 a6
15. f3 Rd7 16. a5 Rfd8 17. Na4 e5 18. Nb6 Rc7 19. dxe5 Rxd1+ 20. Rxd1 Ne8 21.
Nxc4 f6 22. e6 Kf8 23. Nb6 c5 24. Rd7 Rc6 25. Nd5 Rxe6 26. Nxe7 Rxe7 27. Bxc5
Kg8 28. Rxe7 Kf8 29. Rxb7+ Kg8 30. Ra7 h6 31. Rxa6 Nc7 32. Ra7 Ne6 33. Be3 Kf8
34. Rb7 Nd8 35. a6 Nxb7 36. axb7 Kf7 37. b8=Q Kg6 38. Qe8+ Kh7 39. Bd4 h5 40.
Qf7 Kh6 41. h4 Kh7 42. Bxf6 Kh6 43. Qxg7# 1-0

[Event "75. LJUBLJANSKA LIGA 2023"]
[Site " gostovanja"]
[Date "2023.01.12"]
[Round "1.4"]
[White "Perme, Stanko"]
[Black "Babarovic, Fran"]
[Result "0-1"]
[WhiteElo "1046"]
[BlackElo "1275"]
[PlyCount "84"]
[EventDate "2023.01.12"]
[WhiteTeam "SK KOMENDA POPOTNIK"]
[BlackTeam "SK KOMENDA POGI"]

1. e4 e5 2. Nf3 Nc6 3. Bc4 Nf6 4. d3 Bc5 5. Bg5 h6 6. Bh4 d6 7. h3 Be6 8. Bb3
O-O 9. O-O a5 10. Nc3 Nb4 11. a3 Bxb3 12. cxb3 Nc6 13. Nd5 g5 14. Nxf6+ Qxf6
15. Bg3 Ra6 16. Rc1 Rb6 17. Nd2 Bd4 18. Rb1 Qe6 19. Nc4 Ra6 20. Ne3 Bxe3 21.
fxe3 Rb6 22. Qh5 Kg7 23. Rf5 Rxb3 24. Rbf1 f6 25. h4 Qf7 26. Qf3 Rxd3 27. Qf2
Ne7 28. Rf3 g4 29. Rf5 Nxf5 30. Qxf5 Qg6 31. Qd7+ Rf7 32. Qb5 Qxe4 33. h5 Rd2
34. Rf2 Qxe3 35. Bh4 g3 36. Bxg3 Qxg3 37. Rxd2 Qe1+ 38. Kh2 Qxd2 39. Qb3 Qf4+
40. Kg1 c5 41. Qc2 f5 42. Qd1 Qd4+ 0-1

[Event "75. LJUBLJANSKA LIGA 2023"]
[Site " gostovanja"]
[Date "2023.01.12"]
[Round "1.1"]
[White "Krupenko, Peter"]
[Black "Jukan, Nesib"]
[Result "1-0"]
[WhiteElo "1976"]
[BlackElo "1946"]
[PlyCount "119"]
[EventDate "2023.01.12"]
[WhiteTeam "SK TRZIN BUSCOTRADE"]
[BlackTeam "SK TRZIN PEKOS PUB"]

1. c4 c5 2. Nc3 Nf6 3. Nf3 e6 4. d4 cxd4 5. Nxd4 a6 6. g3 Bc5 7. Nb3 Be7 8. Bg2
Qc7 9. Bf4 d6 10. c5 e5 11. cxd6 Qxd6 12. Qxd6 Bxd6 13. Bg5 Nbd7 14. Na5 Rb8
15. O-O Bc7 16. b4 O-O 17. Rfd1 Bxa5 18. bxa5 Nc5 19. Bxf6 gxf6 20. Nd5 Kg7 21.
Nb6 Ne6 22. e3 Rd8 23. Rac1 Re8 24. Rd2 Nf8 25. Rxc8 Rexc8 26. Nxc8 Rxc8 27.
Bxb7 Rc5 28. Bxa6 Rxa5 29. Bc4 h5 30. h4 Ra7 31. Rd6 Nd7 32. Ra6 Rc7 33. Be2
Nc5 34. Ra8 Ne4 35. Bf3 Rc1+ 36. Kg2 Nd2 37. Bxh5 Rc2 38. Bf3 e4 39. Be2 Nc4
40. Bxc4 Rxc4 41. g4 Rc1 42. a4 Ra1 43. a5 Kh7 44. a6 Kg7 45. a7 Kh7 46. Kg3
Ra2 47. h5 Kg7 48. Kh3 Kh7 49. Kg2 Ra1 50. h6 Ra6 51. Kf1 Ra2 52. Ke1 Ra4 53.
Kd2 Ra3 54. Kc2 Ra6 55. Kc3 Ra4 56. Kb3 Ra6 57. Kb4 Ra1 58. Kc5 Ra2 59. Kd6 f5
60. gxf5 1-0

[Event "75. LJUBLJANSKA LIGA 2023"]
[Site " gostovanja"]
[Date "2023.01.12"]
[Round "1.2"]
[White "Lanjscek, Miha"]
[Black "Krumpak, Hinko"]
[Result "0-1"]
[WhiteElo "1812"]
[BlackElo "2043"]
[PlyCount "80"]
[EventDate "2023.01.12"]
[WhiteTeam "SK TRZIN PEKOS PUB"]
[BlackTeam "SK TRZIN BUSCOTRADE"]

1. d4 d6 2. Nf3 g6 3. Bg5 Bg7 4. h4 h6 5. Bf4 c5 6. c3 Qb6 7. Qd2 Nf6 8. e3 Bf5
9. Be2 Nc6 10. O-O Ne4 11. Qc1 e5 12. dxe5 dxe5 13. Bh2 O-O 14. Nbd2 Rad8 15.
Nc4 Qc7 16. Nfd2 Nxd2 17. Nxd2 Bd3 18. Bxd3 Rxd3 19. Ne4 c4 20. Qc2 Rfd8 21.
Rad1 Qe7 22. h5 f5 23. Ng3 Qd7 24. Rxd3 cxd3 25. Qb3+ Kh7 26. hxg6+ Kxg6 27.
Qd1 Ne7 28. Qh5+ Kh7 29. e4 f4 30. Nf5 Nxf5 31. exf5 Rf8 32. Qg6+ Kg8 33. f6
Rxf6 34. Qe4 Rd6 35. g3 Qg4 36. f3 Qh3 37. gxf4 Qxf1+ 38. Kxf1 d2 39. Qc4+ Kh7
40. Qe4+ Kh8 0-1

[Event "75. LJUBLJANSKA LIGA 2023"]
[Site " gostovanja"]
[Date "2023.01.12"]
[Round "1.3"]
[White "Rojs, Igor"]
[Black "Konvalinka, Kostja"]
[Result "1/2-1/2"]
[WhiteElo "1935"]
[BlackElo "1686"]
[PlyCount "120"]
[EventDate "2023.01.12"]
[WhiteTeam "SK TRZIN BUSCOTRADE"]
[BlackTeam "SK TRZIN PEKOS PUB"]

1. c4 Nf6 2. Nf3 e6 3. Nc3 d5 4. e3 c5 5. d4 Nc6 6. Bd3 dxc4 7. Bxc4 cxd4 8.
exd4 Be7 9. O-O O-O 10. Bf4 a6 11. a4 Re8 12. Qd2 Nb4 13. h3 Bd7 14. Ne5 Bc6
15. Rfe1 Bd5 16. b3 Rc8 17. Rad1 Nc6 18. Nxd5 Nxd5 19. Bxd5 Qxd5 20. Re3 Red8
21. Nxc6 Rxc6 22. Rd3 Bd6 23. Bxd6 Rcxd6 24. f4 Rc6 25. Qe3 Rc2 26. R1d2 Rdc8
27. Kf2 h6 28. Kg3 Rxd2 29. Qxd2 Rd8 30. Qe3 Rc8 31. Qe5 Rc2 32. Qxd5 exd5 33.
f5 Kf8 34. Kf4 f6 35. g4 Rf2+ 36. Kg3 Re2 37. Rc3 Rd2 38. Rc8+ Kf7 39. Rc7+ Kg8
40. Rxb7 Rxd4 41. Rb6 a5 42. Rb5 Rd3+ 43. Kf4 Rxh3 44. Rxd5 Rxb3 45. Rxa5 Rb4+
46. Kf3 Rb3+ 47. Ke4 Rb4+ 48. Kd5 Rxg4 49. Ra8+ Kf7 50. Ra7+ Kg8 51. a5 Rf4 52.
Ra8+ Kf7 53. Ra7+ Kf8 54. Ke6 Re4+ 55. Kd6 h5 56. a6 Ra4 57. Ra8+ Kf7 58. a7 h4
59. Kc6 Ra2 60. Kb6 Rb2+ 1/2-1/2

[Event "75. LJUBLJANSKA LIGA 2023"]
[Site " gostovanja"]
[Date "2023.01.12"]
[Round "1.4"]
[White "Leben, Dusan"]
[Black "Rojs, Lan"]
[Result "1-0"]
[WhiteElo "1797"]
[BlackElo "1406"]
[PlyCount "45"]
[EventDate "2023.01.12"]
[WhiteTeam "SK TRZIN PEKOS PUB"]
[BlackTeam "SK TRZIN BUSCOTRADE"]

1. Nf3 e6 2. d4 Nf6 3. c4 d5 4. e3 Be7 5. Bd3 O-O 6. O-O c5 7. Nc3 Nc6 8. dxc5
Bxc5 9. a3 a5 10. cxd5 exd5 11. Qc2 Bg4 12. Ng5 h6 13. Nh7 d4 14. Nxf6+ Qxf6
15. Ne4 Qh4 16. Qxc5 dxe3 17. Bb5 f5 18. Nd6 f4 19. Qd5+ Kh8 20. Qe4 g6 21.
Qxg6 Qe7 22. Qxh6+ Kg8 23. Bc4+ 1-0

[Event "75. LJUBLJANSKA LIGA 2023"]
[Site " gostovanja"]
[Date "2023.01.12"]
[Round "1.1"]
[White "Skok, Boris"]
[Black "Sedlar, Tomo"]
[Result "1/2-1/2"]
[WhiteElo "1944"]
[BlackElo "1804"]
[PlyCount "32"]
[EventDate "2023.01.12"]
[WhiteTeam "SD CRNI GRABEN"]
[BlackTeam "SD MENGES - TRZIN"]

1. d4 d5 2. c4 c6 3. Nf3 Nf6 4. e3 Bf5 5. Nc3 e6 6. Nh4 Bg6 7. Qb3 Qb6 8. Nxg6
hxg6 9. g3 Nbd7 10. Bg2 Be7 11. Bd2 O-O 12. Na4 Qxb3 13. axb3 Nb6 14. Ke2 Rfe8
15. Rhc1 Nfd7 16. f4 g5 1/2-1/2